000 01020cab a22002295a 4500
001 L157143
008 120910e2012 xxk 000 0 eng d
035 _a(Sirsi) u157143
041 0 _aeng
100 1 _aEade, Christine
245 0 0 _aMarkets
_bHampshire, Dorset and Wiltshire
260 _c2012
490 0 _aProperty Week
_v78(35) 31 August 2012, 35-38(4)
520 _aSurvey of recent activity in the regional commercial and residential property markets: Portsmouth's new shopping centre delayed by five years and will be half original proposed size; Dorchester's regeneration scheme centred on Brewery Square surges ahead on the back of lettings; an application is being prepared for 3 850-home village on ex-MoD land north of Aldershot; and Danish Fund, Danmerc, has paid over £26m for Skandia House in Southampton.
590 _aKA
651 4 _aHampshire
651 4 _aDorset
651 4 _aWiltshire
690 _aCommercial property
_96227
690 _aResidential property
_96266
942 _n0
999 _c84267
_d84267